Geografia województwa wielkopolskiego na mapie - Statystyki

Ogólne statystyki
  • Ten quiz został rozwiązany 61 razy
  • Średni wynik to 11 z 31
Odpowiedzi na mapie
Odpowiedzi zakodowano w zielono-czerwonej skali na mapie do tego quizu, zgodnie z poniższymi procentami.
 
Statystyki odpowiedzi
Odpowiedź % Poprawnych
Poznań
98%
Warta
88%
Gniezno
83%
Kalisz
79%
Leszno
78%
Piła
76%
Wielkopolski Park Narodowy
64%
kaliski
60%
Noteć
57%
Złotów
57%
Kępno
52%
turecki
50%
obornicki
47%
jarociński
41%
Gostyń
38%
grodziski
33%
Drawieński Park Narodowy
24%
Zbąszyń
19%
Kłecko
14%
Wolsztyńskie
12%
Powidzkie
10%
Lwówek
9%
Niepruszewskie
9%
Wapno
7%
Kobyla Góra
5%
Gosławskie
3%
Błędno
2%
Chodów
2%
Łobżonka
2%
Młyńska Woda
2%
Skulskie
2%
Nie znaleziono quizów pasujących do podanych kryteriów
Rozkład punktacji
Procent ludzi z każdym wynikiem
Percentyl według liczby udzielonych odpowiedzi
Twoja historia wyników
Nie rozwiązałeś tego quizu